Sesso & turismo /

Saved in:
書目詳細資料
其他作者: Bartolomucci, Giorgio
格式: 圖書
語言:意大利语
出版: Bologna : Emilia Romagna, 1986
標簽: 添加標簽
沒有標簽, 成為第一個標記此記錄!

MARC

LEADER 00000nam a22000007i 4500
001 IT\ICCU\UBO\0296636
003 ItRI
005 20260115232406.0
008 980714s1986 it |||||| ||||| |||||c
040 |b ita  |c importazione bologna sebina 
041 7 |a ita  |2 ISO-639-2 
245 0 0 |a Sesso & turismo /  |c Giorgio Bartolomucci ... [et al.]. 
260 |a Bologna :  |b Emilia Romagna,  |c 1986 
300 |a 111 p. ;  |c 21 cm 
700 1 |a Bartolomucci, Giorgio  |0 IT\ICCU\CFIV\008764 
942 |2 ddc  |c BK  |n 0 
952 |0 0  |1 0  |4 0  |6 DOC_306_700000000000000_BAR  |7 0  |9 25310  |a BO  |b BO  |d 2026-01-15  |i 1457  |l 0  |o DOC 306.7 BAR  |p BO1457  |r 2026-01-15 23:24:06  |w 2026-01-15  |x [Sebina 7] [1 v.]  |y BK  |z 1 v. 
999 |c 21503  |d 21503